Meranie efektívnosti v slovenskom bankovom sektore: Dea a Malmquistov index

Technická efektívnosť a sledované zmeny v dosahovanej efektívnosti v slovenskom bankovom sektore počas rokov 2007-2011. Meranie efektívnosti pomocou metódy DEA, sledovanie zmien medzi jednotlivými rokmi s použitím Malmquistovho indexu.

Uložené v:
Podrobná bibliografia
Hlavný autor: Kočišová, Kristína
Médium: Kapitola
Jazyk:Slovak
Predmet:
Tagy: Pridať tag
Žiadne tagy, Buďte prvý, kto otaguje tento záznam!

MARC

LEADER 00000nla a2200000 4500
001 0168352
005 20220513123913.9
041 0 |a slo 
044 |a SK 
245 1 0 |a Meranie efektívnosti v slovenskom bankovom sektore: Dea a Malmquistov index  |c Kristína Kočišová 
520 |a Technická efektívnosť a sledované zmeny v dosahovanej efektívnosti v slovenskom bankovom sektore počas rokov 2007-2011. Meranie efektívnosti pomocou metódy DEA, sledovanie zmien medzi jednotlivými rokmi s použitím Malmquistovho indexu. 
610 2 0 |a Slovensko 
610 2 0 |a banky 
610 2 0 |a bankovníctvo 
610 2 0 |a rezervy bankové 
610 2 0 |a meranie 
610 2 0 |a analýzy 
610 2 0 |a efektívnosť 
610 2 0 |a indexy 
610 2 0 |a štatistika 
100 1 |a Kočišová, Kristína